Country Names In Czech Quiz Stats

 Plays Quiz not verified by Sporcle

Also try: Countries: After I
Challenge
Share
Tweet
Embed
Score 0/30 Timer 10:00
0 Plays Today
Country in Czech Country % Correct
RuskoRussia
95.8%
jižní KoreaSouth Korea
94.6%
NorskoNorway
94%
KolumbieColombia
92.8%
DánskoDenmark
92.8%
Turecko Turkey
92.8%
NigérieNigeria
92.8%
JaponskoJapan
92.2%
RumunskoRomania
90.4%
IslandIceland
90.4%
LitvaLithuania
89.8%
KambodžaCambodia
89.8%
AlžírskoAlgeria
89.2%
SomálskoSomalia
89.2%
ThajskoThailand
88.6%
Country in Czech Country % Correct
MaledivyMaldives
87.3%
SrbskoSerbia
86.7%
LotyšskoLatvia
84.9%
KyprCyprus
84.9%
Tchaj-wanTaiwan
84.3%
Bahamské ostrovyBahamas
83.1%
KomoryComoros
82.5%
ŠvýcarskoSwitzerland
81.3%
MaďarskoHungary
78.9%
ChorvatskoCroatia
78.3%
NěmeckoGermany
77.1%
RakouskoAustria
72.3%
ŘeckoGreece
71.7%
Černá HoraMontenegro
68.7%
SvazijskoSwaziland
64.5%

You're not logged in!

Compare scores with friends on all Sporcle quizzes.
Join for Free
OR
Log In

You Might Also Like...

Show Comments

Extras

Created Mar 8, 2013ReportNominate
Tags:Country Quiz, czech

Top Quizzes Today


Score Distribution

Your Account Isn't Verified!

In order to create a playlist on Sporcle, you need to verify the email address you used during registration. Go to your Sporcle Settings to finish the process.

Report this User

Report this user for behavior that violates our Community Guidelines.

Details: